00373 a2200097 4500001000900000005001700009008004100026245010600067100003200173773007000205ART_823220260410161557.0260409a 10aEl valor de la información prospectiva como elemento de control en las mediciones a valor razonable1 aD´Onofrio, Paula Alejandra0 tProfesional & Empresariag- Año XII, Nº 127 (abr. 2010)wREV70